Seleccion de ensayos doctrinarios nuevo codigo procesal penal/ (Registro nro. 8340)
[ vista simple ]
| 000 -LEADER | |
|---|---|
| fixed length control field | 01694nam a2200193Ia 4500 |
| 005 - FECHA Y HORA DE LA ÚLTIMA TRANSACCIÓN | |
| control field | 20241127190331.0 |
| 008 - FIXED-LENGTH DATA ELEMENTS--GENERAL INFORMATION | |
| fixed length control field | 230609s9999 xx 000 0 und d |
| 040 ## - CATALOGING SOURCE | |
| Original cataloging agency | UPAN |
| Transcribing agency | Biblioteca San Vicente |
| Description conventions | RCAA2 |
| 041 ## - LANGUAGE CODE | |
| Language code of text/sound track or separate title | spa |
| 082 ## - DEWEY DECIMAL CLASSIFICATION NUMBER | |
| Classification number | 348.023 |
| Item number | M668s |
| año de publicación | 2000 |
| 110 ## - MAIN ENTRY--CORPORATE NAME | |
| Corporate name or jurisdiction name as entry element | Comision coordinadora del sector de justicia |
| 245 #0 - TITLE STATEMENT | |
| Title | Seleccion de ensayos doctrinarios nuevo codigo procesal penal/ |
| Remainder of title | Comision coordinadora del sector de justicia |
| 250 ## - EDITION STATEMENT | |
| Edition statement | 2° ed. |
| 260 ## - PUBLICATION, DISTRIBUTION, ETC. (IMPRINT) | |
| Place of publication, distribution, etc | El Salvador; |
| Name of publisher, distributor, etc | Unidad tecnica ejecutiva, |
| Date of publication, distribution, etc | 2000 |
| 300 ## - PHYSICAL DESCRIPTION | |
| Extent | 711 p.: |
| Dimensions | 22 cm. |
| 505 ## - FORMATTED CONTENTS NOTE | |
| Formatted contents note | Prologo<br/>1. Presentación<br/>2. Principios procesales que rigen el código procesal penal<br/>3. Garantías del debido proceso<br/>4. La detención provisional y el proceso de hàbeas corpus<br/>5. Medidas de coerción que afectan la libertad personal <br/>6. La prueba prohibida en el proceso penal salvadoreño<br/>7. El sistema de ejercicio de la acción penal publica y el diseño de la investigación preliminar: Desde las viejas estructuras hacia su necesaria redefinición político criminal en el nuevo código procesal penal<br/>8. El principio de oportunidad en el ejercicio de la acción penal<br/>9. La actividad procesal defectuosa<br/>10. Las diligencias iniciales de investigación<br/>11. La instrucción<br/>12. La etapa intermedia de la investigación. Evaluación de los medios de investigación que habrán de convertirse en medios probatorios<br/>13. El juicio<br/>14. Los procedimientos especiales en el nuevo proceso penal<br/>15. El procedimiento abreviado en el nuevo código procesal penal. A propósito de la simplificación del enjuiciamiento penal<br/>16. Los recursos |
| 650 ## - SUBJECT ADDED ENTRY--TOPICAL TERM | |
| Source of heading or term | LEMB |
| Topical term or geographic name as entry element | Derecho penal- legislación |
| 942 ## - ADDED ENTRY ELEMENTS (KOHA) | |
| Koha item type | Libros |
| Source of classification or shelving scheme | Dewey Decimal Classification |
| Withdrawn status | Lost status | Source of classification or shelving scheme | Damaged status | Not for loan | Collection code | Home library | Current library | Date acquired | Total Checkouts | Full call number | Barcode | Date last seen | Copy number | Price effective from | Koha item type |
|---|---|---|---|---|---|---|---|---|---|---|---|---|---|---|---|
| Dewey Decimal Classification | Colección General | Biblioteca UPAN San Vicente | Biblioteca UPAN San Vicente | 09/06/2023 | 348.023 M668s | 12000926 | 09/06/2023 | 01 | 09/06/2023 | Libros |